Perasmian Program Latihan Persyarikatan Malaysia dan Anda oleh KSN pada 17 Julai 1993 (Vol 1) [video recording]

Bibliographic Details
Format: Book
Published: Bangi : Inspen , 1993
Subjects:

MARC

LEADER 00000cam a2200000 7i4500
001 0000006484
005 20061204.0
040 |a INS 
090 0 0 |a HD4300.6 1993 
245 0 0 |a Perasmian Program Latihan Persyarikatan Malaysia dan Anda oleh KSN pada 17 Julai 1993 (Vol 1) [video recording] 
260 |a Bangi :   |b Inspen ,   |c 1993 
300 |a 1 video cassette (VHS) :   |b sd., col. ;   |c 1/2 in. 
650 0 0 |a Privatization   |z Malaysia 
999 |a VHS457   |b VIDEO   |c Media Collection   |e Default branch